Transistor circuit design (Record no. 23504)

000 -LEADER
fixed length control field 00584nam a22002171 4500
001 - CONTROL NUMBER
control field 23504
003 - CONTROL NUMBER IDENTIFIER
control field BD-DhUET
008 - FIXED-LENGTH DATA ELEMENTS--GENERAL INFORMATION
fixed length control field 721219s1963 nyua b 000 0 eng
040 ## - CATALOGING SOURCE
Original cataloging agency DLC
Transcribing agency DLC
Modifying agency BD-DhUET
082 ## - DEWEY DECIMAL CLASSIFICATION NUMBER
Classification number 623.8151
Item number TEX/1963
110 ## - MAIN ENTRY--CORPORATE NAME
Corporate name or jurisdiction name as entry element Texas Instruments Incorporated
245 10 - TITLE STATEMENT
Title Transistor circuit design
250 ## - EDITION STATEMENT
Edition statement 1st ed.
260 ## - PUBLICATION, DISTRIBUTION, ETC. (IMPRINT)
Place of publication, distribution, etc. New York
Name of publisher, distributor, etc. McGraw-Hill
Date of publication, distribution, etc. 1963
300 ## - PHYSICAL DESCRIPTION
Extent xi, 523 p.
Other physical details ill.
Dimensions 26 cm.
504 ## - BIBLIOGRAPHY, ETC. NOTE
Bibliography, etc Includes bibliographies
650 #0 - SUBJECT ADDED ENTRY--TOPICAL TERM
Topical term or geographic name as entry element Transistor : Electronics
700 ## - ADDED ENTRY--PERSONAL NAME
Personal name Walston, Joseph A.
700 ## - ADDED ENTRY--PERSONAL NAME
Personal name Miller, John R.
942 ## - ADDED ENTRY ELEMENTS (KOHA)
Koha item type Corporate Publication
Holdings
Withdrawn status Source of classification or shelving scheme Copy number Location (home branch) Sublocation or collection (holding branch) Date acquired Koha item type Price effective from Koha date last seen Damaged status Lost status Not for loan Koha full call number Piece designation (barcode) Shelving location Koha normalized classification for sorting
  1Central Library, BUETCentral Library, BUET2015-05-04Corporate Publication2015-05-042015-05-04   623.8151/TEX/1963 30610Circulation section623_815100000000000_TEX_1963
  2Central Library, BUETCentral Library, BUET2015-05-04Corporate Publication2015-05-042015-05-04   623.8151/TEX/196330607Circulation section623_815100000000000_TEX_1963
  3Central Library, BUETCentral Library, BUET2015-05-04Corporate Publication2015-05-042015-05-04   623.8151/TEX/1963 30612Circulation section623_815100000000000_TEX_1963
  4Central Library, BUETCentral Library, BUET2015-05-04Corporate Publication2015-05-042015-05-04   623.8151/TEX/196330613Circulation section623_815100000000000_TEX_1963
  5Central Library, BUETCentral Library, BUET2015-05-04Corporate Publication2015-05-042015-05-04   623.8151/TEX/1963 26687Circulation section623_815100000000000_TEX_1963
  6Central Library, BUETCentral Library, BUET2015-05-07Corporate Publication2015-05-072015-05-07   623.8151/TEX/196330608Circulation section623_815100000000000_TEX_1963
  7Central Library, BUETCentral Library, BUET2015-05-07Corporate Publication2015-05-072015-05-07   623.8151/TEX/196330606Circulation section623_815100000000000_TEX_1963
  8Central Library, BUETCentral Library, BUET2015-05-07Corporate Publication2015-05-072015-05-07   623.8151/TEX/196330609Circulation section623_815100000000000_TEX_1963
  9Central Library, BUETCentral Library, BUET2015-06-25Corporate Publication2015-06-252015-06-25   623.8151/TEX/196330604Reading section623_815100000000000_TEX_1963
  10Central Library, BUETCentral Library, BUET2015-06-25Corporate Publication2015-06-252015-06-25   623.8151/TEX/19639968Reading section623_815100000000000_TEX_1963
  11Central Library, BUETCentral Library, BUET2015-06-25Corporate Publication2015-06-252015-06-25   623.8151/TEX/196330605Reading section623_815100000000000_TEX_1963